LIBRARY & INFORMATION CENTRE, KCAET, TAVANUR

ONLINE PUBLIC ACCESS CATALOGUE (OPAC)

Solar energy in agriculture and industry vol-1 potential of solar heat in Europian agriculture an assesment / (Record no. 9912)

MARC details
000 -LEADER
fixed length control field 00538cam a2200181ua 4500
041 ## - LANGUAGE CODE
Language code of text/sound track or separate title eng
082 ## - DEWEY DECIMAL CLASSIFICATION NUMBER
Classification number 028.71621
Item number SCH/SO
100 ## - MAIN ENTRY--AUTHOR NAME
Personal name Schepens, G .
245 ## - TITLE STATEMENT
Title Solar energy in agriculture and industry vol-1 potential of solar heat in Europian agriculture an assesment /
260 ## - PUBLICATION, DISTRIBUTION, ETC. (IMPRINT)
Place of publication :
Name of publisher Commission of the Europian committee ,
Year of publication 1986.
300 ## - PHYSICAL DESCRIPTION
Number of Pages 198 ; .
700 1# - ADDED ENTRY--PERSONAL NAME
Personal name Buis, H .
700 1# - ADDED ENTRY--PERSONAL NAME
Personal name Mahy, D .
700 1# - ADDED ENTRY--PERSONAL NAME
Personal name Palz, W .
942 ## - ADDED ENTRY ELEMENTS (KOHA)
Koha item type Books
Holdings
Withdrawn status Lost status Damaged status Home library Current library Date acquired Full call number Accession Number Koha item type
      KAUAET KAUAET 07/04/2012 028.71621 19916 Books
free website counter